Planning Law and Procedure. (Record no. 552)

MARC details
005 - DATE AND TIME OF LATEST TRANSACTION
control field 20250625135637.0
020 ## - INTERNATIONAL STANDARD BOOK NUMBER
International Standard Book Number 0 406 66509 5
082 ## - DEWEY DECIMAL CLASSIFICATION NUMBER
Classification number LM 346.42 TEL
100 ## - MAIN ENTRY--PERSONAL NAME
Author name TELLING, A. E.
245 ## - TITLE STATEMENT
Title Planning Law and Procedure.
250 ## - EDITION STATEMENT
Edition statement 6th Ed.
260 ## - PUBLICATION, DISTRIBUTION, ETC.
Place of publication, distribution, etc. London,
Name of publisher, distributor, etc. Butterworths,
Date of publication, distribution, etc. 1982.
300 ## - PHYSICAL DESCRIPTION
Extent xxix,321p.
Other physical details Index
Dimensions 24cm.
942 ## - ADDED ENTRY ELEMENTS (KOHA)
Source of classification or shelving scheme Dewey Decimal Classification
Koha item type Books
Holdings
Date last seen Total checkouts Full call number Barcode Cost, replacement price Price effective from Koha item type Lost status Source of classification or shelving scheme Damaged status Not for loan Withdrawn status Home library Current library Shelving location Date acquired Cost, normal purchase price
03/13/2025   LM 341.91 BAR 000000879 75000.00 03/13/2025 Books   Dewey Decimal Classification       College of Business Education Main Library College of Business Education Main Library General Collection 03/13/2025 25000.00